Detalles MARC
| 000 -CABECERA |
| Longitud fija campo de control |
02081nam a2200421 c 4500 |
| 001 - NÚMERO DE CONTROL |
| Número de control |
17454 |
| 003 - IDENTIFICADOR DE NÚMERO DE CONTROL |
| Identificador del número de control |
ES-MaCES |
| 005 - FECHA Y HORA DE LA ÚLTIMA TRANSACCIÓN |
| Fecha y hora de la última transacción |
20141221122501.0 |
| 008 - CAMPO FIJO DE DESCRIPCIÓN FIJA--INFORMACIÓN GENERAL |
| Códigos de información de longitud fija |
050420s2005 sp d rt o000 | spa d |
| 035 ## - NÚMERO DE CONTROL DEL SISTEMA |
| Número de control del sistema |
CES20050003452m |
| 040 ## - FUENTE DE CATALOGACIÓN |
| Centro catalogador de origen |
ES-MaCES |
| Lengua de catalogación |
spa |
| Centro transcriptor |
ES-MaCES |
| 245 00 - MENCIÓN DE TÍTULO |
| Título |
Presupuestos de la Seguridad Social, 2005 |
| Medio |
Recurso electrónico |
| Mención de responsabilidad, etc. |
Ministerio de Trabajo y Asuntos Sociales, Secretaría de Estado de la Seguridad Social, Dirección General de Ordenación de la Seguridad Social] |
| 260 ## - PUBLICACIÓN, DISTRIBUCIÓN, ETC (PIE DE IMPRENTA) |
| Lugar de publicación, distribución, etc. |
Madrid |
| Nombre del editor, distribuidor, etc. |
la Dirección |
| Fecha de publicación, distribución, etc. |
[2005] |
| 300 ## - DESCRIPCIÓN FÍSICA |
| Extensión |
1 CD-ROM |
| Dimensiones |
12 cm |
| 500 ## - NOTA GENERAL |
| Nota general |
Tít. tomado de la etiqueta del CD-ROM |
| 500 ## - NOTA GENERAL |
| Nota general |
Características del sistema: internet Explorer, versión versión 5.0 o superior y Acrobat versión 5.0. o superior |
| 500 ## - NOTA GENERAL |
| Nota general |
Esta publ. corresponde al Presupuesto definitivo, que contiene el Informe económico-financiero definitivo, hay que obviar el tít. que pone "Proyecto" |
| 500 ## - NOTA GENERAL |
| Nota general |
Incluye la información contenida en la publ. "Presupuestos de la Seguridad Social, cifras y datos" ed. por el Ministerio |
| 500 ## - NOTA GENERAL |
| Nota general |
Posteriormente, la ed. de 200, publ. en soporte impreso |
| 541 ## - NOTA DE LA FUENTE INMEDIANTE DE ADQUISICIÓN |
| Forma de adquisición |
Gratuito |
| 650 #4 - ASIENTO SECUNDARIO DE MATERIA--TÉRMINO DE MATERIA |
| Término de materia o nombre geográfico como elemento inicial |
presupuesto |
| 9 (RLIN) |
28276 |
| 650 #4 - ASIENTO SECUNDARIO DE MATERIA--TÉRMINO DE MATERIA |
| Término de materia o nombre geográfico como elemento inicial |
recursos presupuestarios |
| 9 (RLIN) |
28071 |
| 650 #4 - ASIENTO SECUNDARIO DE MATERIA--TÉRMINO DE MATERIA |
| Término de materia o nombre geográfico como elemento inicial |
seguridad social |
| 9 (RLIN) |
27034 |
| 650 #4 - ASIENTO SECUNDARIO DE MATERIA--TÉRMINO DE MATERIA |
| Término de materia o nombre geográfico como elemento inicial |
financiación de la seguridad social |
| 9 (RLIN) |
30265 |
| 650 #4 - ASIENTO SECUNDARIO DE MATERIA--TÉRMINO DE MATERIA |
| Término de materia o nombre geográfico como elemento inicial |
España |
| 9 (RLIN) |
26964 |
| 650 #4 - ASIENTO SECUNDARIO DE MATERIA--TÉRMINO DE MATERIA |
| Término de materia o nombre geográfico como elemento inicial |
2005 |
| 9 (RLIN) |
31686 |
| 650 #4 - ASIENTO SECUNDARIO DE MATERIA--TÉRMINO DE MATERIA |
| Término de materia o nombre geográfico como elemento inicial |
CD ROM |
| 9 (RLIN) |
30331 |
| 653 10 - TÉRMINO DE INDEXACIÓN--NO CONTROLADO |
| Término no controlado |
Administración-Instituciones públicas |
| 710 1# - ENCABEZAMIENTO SECUNDARIO--NOMBRE CORPORATIVO |
| Nombre de entidad o nombre de jurisdicción como elemento inicial |
España |
| Unidad subordinada |
Dirección General de Ordenación de la Seguridad Social |
| 9 (RLIN) |
2832 |
| 740 02 - ENCABEZAMIENTO SECUNDARIO--TÍTULO ANALÍTICO/RELACIONADO NO CONTROLADO |
| Título relacionado o analítico no controlado |
Presupuestos de la Seguridad Social, ejercicio 2005, informe económico-financiero |
| 740 02 - ENCABEZAMIENTO SECUNDARIO--TÍTULO ANALÍTICO/RELACIONADO NO CONTROLADO |
| Título relacionado o analítico no controlado |
Presupuestos de la Seguridad Social, ejercicio 2005, cifras y datos |
| 787 0# - ENTRADA DE OTRAS ESPECIFICACIONES |
| Título |
Presupuestos de la Seguridad Social |
| Número de control del registro relacionado |
(ES-MaCES)18503 |
| 787 0# - ENTRADA DE OTRAS ESPECIFICACIONES |
| Título |
Presupuestos de la Seguridad Social |
| Número de control del registro relacionado |
(ES-MaCES)19988 |
| 787 0# - ENTRADA DE OTRAS ESPECIFICACIONES |
| Título |
Presupuestos de la Seguridad Social, 2004 |
| Número de control del registro relacionado |
(ES-MaCES)16229 |
| 902 ## - CES. TIPO DE DOCUMENTO |
| Tipodoc (006$c Sirtex) |
ELE PUB. ELECTRONICA |
| 942 ## - ELEMENTOS KOHA |
| Fuente de clasificaión o esquema |
Clasificación propia del CES |
| Koha [por defecto] tipo de item |
Monografías |
| Parte de clasificación |
6.3. |